[Event "Stay Safe Play From Home 197"]
[Site "T#646544Emanuel Laske"]
[Date "2020.06.03"]
[Round "4"]
[White "Toosieslide"]
[Black "Mepe_Nika"]
[Result "0-1"]
[WhiteElo "2225"]
[BlackElo "2329"]
[Annotator "TA"]
[PlyCount "126"]
[EventDate "2020.06.03"]
[EventType "swiss (blitz)"]

{[%evp 13,126,65,76,53,79,62,78,42,44,50,55,31,31,0,-13,-40,-52,-52,13,-62,0,-55,-10,-10,18,-420,-25,-38,-38,-30,-33,-63,-54,-200,-52,-55,-19,-133,-38,-53,-51,-43,-44,-95,-53,-46,-49,-53,0,0,36,1,181,138,123,129,243,236,29990,-31,-32,-21,-22,-99,-73,-125,-125,-149,-70,-187,-187,-213,-213,-29988,-29989,-29989,-29990,-29990,-29991,-29997,-29988,-29987,-29976,-29983,-29986,-29986,-29987,-29987,-29988,-29988,-29989,-29989,-29988,-29988,-29989,-29989,-29990,-29990,-29990,-29992,-29991,-29991,-29992,-29992,-29992,-29994,-29995,-29996,-29997,-29997,-29998,-29998,-29998,-29998,-29999]} 1. d4 c5 2. d5 d6 3. c4 g6 4. Nc3 Bg7 5. e4 Nf6 6. Nf3 Bg4 7. Be2 O-O 8. Be3 {E91: King's Indian: Classical: 6 Be2, unusual replies including 6...c5 and 6...Bg4.} Na6 9. Qd2 Nc7 10. h3 {White is better.} Bxf3 {[#]} 11. Bxf3 $146 ({Predecessor:} 11. gxf3 a6 12. h4 b5 13. Rd1 bxc4 14. a4 e6 15. dxe6 Nxe6 16. Qxd6 Qa5 17. O-O {0-1 (26) Stukan,M (2146)-Sindarov,J (2399) Pocos de Caldas 2017}) 11... e6 12. Be2 exd5 13. cxd5 b5 {[%cal Bb7b5,Bb5b4][%mdl 32] Threatens to win with ...b4.} 14. f3 (14. e5 $5 {[%cal Re5f6]} b4 15. exf6 bxc3 16. bxc3 Qxf6 17. Rc1 $11) 14... b4 15. Nd1 Rb8 (15... Nh5 $1 $15 16. O-O Ng3) 16. Rc1 (16. Bg5 $11) 16... Nd7 (16... Nh5 $15 17. O-O f5 18. exf5 gxf5) 17. b3 (17. O-O $11) 17... a5 18. O-O Nb5 19. Nb2 $2 {[%mdl 8192]} (19. Bxb5 $11 {and White stays safe.} Rxb5 20. Bg5) 19... Nc3 $2 (19... Bc3 $19 20. Qc2 Na3) 20. Nc4 Ne5 21. Nxe5 Bxe5 22. Bc4 a4 23. Qe1 ({Better is} 23. bxa4 $15 Nxa4 24. Bg5) 23... axb3 ({Black should try} 23... Nxa2 $19 24. Rc2 axb3 25. Bxb3 Nc3) 24. axb3 $15 Ra8 25. Bd2 (25. f4 $11 Bd4 26. Bxd4 cxd4 27. e5) 25... Qf6 ({Black should play} 25... Re8 $17 26. Kh1 f5 27. exf5 gxf5) 26. f4 Bd4+ 27. Kh1 Rfe8 28. Bxc3 (28. e5 $15 Qd8 29. Bxc3 bxc3 30. e6) 28... Bxc3 29. Qe3 Ra2 30. Qf3 Qd4 {[#]} (30... Rea8 $15) 31. e5 $1 $11 {[%mdl 512]} Rd8 (31... dxe5 32. fxe5) 32. e6 {f5 is the strong threat.} Re8 $2 (32... f5 $11 {and Black is okay.}) 33. exf7+ Kxf7 34. f5 {And now fxg6+ would win.} g5 (34... Kg7 $16) 35. Qh5+ $18 {[%mdl 64] Double Attack} Kg8 $2 (35... Kf8 $18) 36. Qxg5+ $2 (36. Qxe8+ {mates} Kg7 37. Qe7+ {[%mdl 64] Double Attack} Kh6 38. f6 Qxf6 39. Rxf6+ Bxf6 40. Qxf6+ Kh5 41. Rf1 Rc2 42. Qf7+ {[%mdl 64] Double Attack} Kh4 43. Qxh7+ {[%mdl 64] Double Attack} Kg3 44. Rf3#) 36... Qg7 37. Qxg7+ $1 Kxg7 38. Rcd1 (38. Rf3 $11) 38... Kf6 $17 39. Rd3 {[#]} (39. Rf3 $142) 39... Rg8 $1 $36 {[%cal Rg8g2][%mdl 2048] Black is really pushing.} 40. g4 {[#]} h5 $1 {[%mdl 512]} 41. Re3 (41. Rg3 $1 $15) (41. gxh5 Be5) 41... hxg4 $19 {aiming for ...g3.} 42. Re6+ Kf7 {( -> ...g3)} 43. hxg4 $2 (43. Re2 $19 Rxe2 44. Bxe2) 43... Rh8+ {Black mates.} 44. Kg1 Bd4+ 45. Rf2 Rxf2 46. g5 Rxf5+ 47. Kg2 Rg8 48. g6+ Rxg6+ 49. Rxg6 Kxg6 50. Bd3 Kg5 51. Bxf5 Kxf5 {[%mdl 4096] Endgame KB-KPP} 52. Kf3 Ke5 53. Ke2 Kxd5 {KB-KP} 54. Kd3 Ke5 55. Kc4 d5+ 56. Kb5 Ke4 57. Kc6 c4 58. Kb5 cxb3 59. Kxb4 b2 60. Kb3 b1=Q+ 61. Ka4 Qb6 62. Ka3 Kd3 63. Ka4 Kc3 {What a fight! Accuracy: White = 41%, Black = 43%.} 0-1

[Event "Stay Safe Play From Home 197"]
[Site "T#646544Emanuel Laske"]
[Date "2020.06.03"]
[Round "4"]
[White "Little champs"]
[Black "Lamborghini"]
[Result "1-0"]
[WhiteElo "2198"]
[BlackElo "2207"]
[Annotator "TA"]
[PlyCount "125"]
[EventDate "2020.06.03"]
[EventType "swiss (blitz)"]

{[%evp 10,125,41,11,13,3,33,0,11,3,45,41,40,44,47,34,64,40,53,42,39,-19,11,14,18,19,27,11,19,9,18,-5,0,-29,-36,-31,0,0,0,-27,10,-37,-33,-33,-33,-27,-36,-67,-21,-72,-72,-72,-32,-38,-45,-37,-44,-72,-72,-72,-72,-101,-101,-101,-101,-101,-101,-108,-77,-77,-77,-77,-77,-77,-77,-77,-77,-151,-77,-181,-8,-8,-8,-8,-8,-8,-8,-8,-20,-184,-159,-150,0,-316,0,-500,-295,-243,-50,-59,0,0,0,-29965,29981,29982,29987,29988,29991,29992,29993,29994,29994,29993,29993,29994,29995,29996]} 1. d4 Nf6 2. e3 g6 3. Nf3 Bg7 4. Be2 O-O 5. O-O d6 6. b3 Nc6 {6...e5 is a critical line. A48: 1 d4 Nf6 2 Nf3 g6: Torre, London and Colle Systems.} 7. Bb2 e5 8. d5 Ne7 {The position is equal.} 9. c4 Ne8 10. Nc3 {[#]} h6 $146 ({Predecessor:} 10... f5 11. e4 Nf6 12. exf5 gxf5 13. Re1 Ng6 14. Ng5 Ng4 15. Bxg4 fxg4 16. Ne6 Bxe6 17. dxe6 {0-1 (23) Balzer,A (1210)-Funk,M (1465) playchess.com INT 2009}) 11. e4 f5 12. Ne1 f4 13. f3 g5 14. Nd3 Rf7 15. g4 (15. a3 $14) 15... fxg3 16. hxg3 Ng6 17. Rf2 h5 18. Rh2 h4 19. g4 Nf4 20. Nxf4 (20. Qd2 {keeps more tension.} a5 21. Rf1 Bd7 22. Nd1 a4 23. b4) 20... exf4 21. Na4 Bxb2 22. Nxb2 Qf6 23. Qd2 Qg7 24. Rd1 Nf6 25. Nd3 (25. c5 $5) 25... Nd7 26. Bf1 b6 27. Re1 Re7 28. Rhe2 a5 (28... Ne5 $5 {[%cal Re5f3]} 29. Bg2 a5 $11) 29. Qb2 (29. e5 $11 dxe5 30. a3) 29... Qxb2 $17 30. Rxb2 Ne5 (30... Bb7 {is interesting.} 31. Kg2 Kg7 32. a3 Ree8 33. Rc1 Kf6) 31. Nxe5 Rxe5 32. a3 Bd7 33. Ra1 Kg7 34. Raa2 Ree8 35. b4 axb4 36. axb4 Kf6 $1 37. b5 Ke5 38. Kf2 Rxa2 39. Rxa2 {[%mdl 4096] Endgame KRB-KRB} Kd4 40. Ra7 Rc8 41. Ra2 Be8 42. Rd2+ Kc3 43. Re2 ({Better is} 43. Ra2) 43... Bg6 ({Black should try} 43... Kxc4 44. Rd2+ Kc5) 44. e5 (44. Ra2 $17 {might work better.}) 44... dxe5 $2 ({Resist} 44... Kxc4 45. exd6 Kxd5 46. d7 $15) (44... Bd3 $19 45. Re1 Bxf1 46. Kxf1 Kxc4 47. exd6 Kxd5) 45. Rxe5 $11 Bd3 46. Bxd3 Kxd3 47. Rxg5 Kxc4 {KR-KR} 48. Rh5 Kxb5 49. d6+ $2 (49. Rxh4 $11 {and White has nothing to worry.} Kc5 50. Rh5) 49... c5 $19 50. Rxh4 Rd8 (50... Kc6 $1 $17 {White must now prevent ...b5.} 51. Rh7 Kxd6) 51. Rh6 $2 {[%mdl 8192]} (51. g5 $11 {and White is okay.}) 51... Kc4 $2 (51... c4 $19 52. Ke2 Kc5 53. Rh5+ Kd4) 52. Re6 $2 {[%mdl 8192]} (52. g5 $1 $11 {and White stays safe.} Kd5 53. g6) 52... b5 53. g5 {[#]} b4 $2 (53... Kd5 $1 $19 {[%cal Rd5e6][%mdl 512]} 54. Rh6 Rxd6) 54. g6 $1 $15 {[%cal Rg6g7] Strongly threatening g7.} b3 (54... Rd7 $1 $15 55. Re4+ Kd3) 55. g7 $1 $11 {d7! is the strong threat.} Rg8 (55... b2 $5 56. Re1 $8 Kc3 $11) 56. Re7 $2 {[%mdl 8192]} (56. d7 $11 b2 57. Re1) 56... Kd5 $4 {[%mdl 8192]} (56... b2 $1 {avoids the disaster.} 57. Rb7 Kc3 58. d7 Kc2 59. Ke2 c4 60. Rc7 b1=Q 61. Rxc4+ {[#]} Kb3 $1 {[%mdl 512]} 62. Rc8 Qb2+ 63. Kd3 Qe5 $1 {[%mdl 512]} 64. Re8 Rxe8 65. dxe8=R Qxe8 66. Kd4 Qe6 67. g8=B Qxg8 68. Ke5 Qg5+ 69. Ke4 Kb4 70. Kd4 Qe7 71. Kd5 Kc3 72. Kc6 Kc4 73. Kb6 Qd7 74. Ka6 Kc5 75. Ka5 Qb5#) 57. d7 {White mates.} Kc6 58. Re8 Rxg7 59. d8=Q Rc7 60. Re6+ Kb5 61. Qe8+ Kc4 62. Re4+ Kc3 {[#]} 63. Qe5+ $1 {[%mdl 64] Double Attack. Accuracy: White = 62%, Black = 57%.} 1-0

[Event "Stay Safe Play From Home 197"]
[Site "T#646544Emanuel Laske"]
[Date "2020.06.03"]
[Round "4"]
[White "Fischer_11"]
[Black "Lazieri3"]
[Result "0-1"]
[WhiteElo "2089"]
[BlackElo "2030"]
[Annotator "NA RC"]
[PlyCount "66"]
[EventDate "2020.06.03"]
[EventType "swiss (blitz)"]

1. e4 {[%emt 0:00:01]} c6 {[%emt 0:00:00]} 2. d4 {[%emt 0:00:01]} d5 {[%emt 0:00:00]} 3. exd5 {[%emt 0:00:00]} cxd5 {[%emt 0:00:00]} 4. c4 {[%emt 0:00:00]} Nc6 {[%emt 0:00:00]} 5. cxd5 {[%emt 0:00:01]} Qxd5 {[%emt 0:00:02]} 6. Nf3 {[%emt 0:00:00]} Qd8 {[%emt 0:00:00]} 7. d5 {[%emt 0:00:01]} Nb8 {[%emt 0:00:01]} 8. Qa4+ {[%emt 0:00:01]} Bd7 {[%emt 0:00:01]} 9. Qb3 {[%emt 0:00:00]} b6 {[%emt 0:00:01]} 10. Bf4 {[%emt 0:00:05]} Nf6 {[%emt 0:00:01]} 11. Nc3 {[%emt 0:00:00]} g6 {[%emt 0:00:01]} 12. Nb5 {[%emt 0:00:01]} Na6 {[%emt 0:00:03]} 13. Nd6+ {[%emt 0:00:06]} exd6 {[%emt 0:00:00]} 14. Bxa6 {[%emt 0:00:01]} Be7 {[%emt 0:00:02]} 15. O-O {[%emt 0:00:01]} O-O {[%emt 0:00:01]} 16. Rfe1 {[%emt 0:00:01]} Bc8 {[%emt 0:00:05]} 17. Bxc8 {[%emt 0:00:06]} Rxc8 {[%emt 0:00:00]} 18. Rac1 {[%emt 0:00:01]} Rxc1 {[%emt 0:00:02]} 19. Rxc1 {[%emt 0:00:00]} Ne4 {[%emt 0:00:02]} 20. Qc4 {[%emt 0:00:04]} Nc5 {[%emt 0:00:01]} 21. b4 {[%emt 0:00:02]} Nd7 {[%emt 0:00:01]} 22. Qc7 {[%emt 0:00:01]} Nf6 {[%emt 0:00:03]} 23. Qxa7 {[%emt 0:00:04]} Nxd5 {[%emt 0:00:01]} 24. Bg3 {[%emt 0:00:02]} Nxb4 {[%emt 0:00:01]} 25. a3 {[%emt 0:00:02]} Nd3 {[%emt 0:00:01]} 26. Rd1 {[%emt 0:00:01]} Nc5 {[%emt 0:00:02]} 27. Re1 {[%emt 0:00:05]} Bf6 {[%emt 0:00:03]} 28. h3 {[%emt 0:00:09]} Qb8 {[%emt 0:00:05]} 29. Qxb8 {[%emt 0:00:01]} Rxb8 {[%emt 0:00:01]} 30. Bxd6 {[%emt 0:00:00]} Ra8 {[%emt 0:00:00]} 31. Bxc5 {[%emt 0:00:00]} bxc5 {[%emt 0:00:00]} 32. Rc1 {[%emt 0:00:01]} Rxa3 {[%emt 0:00:02]} 33. Rxc5 {[%emt 0:00:01]} h6 {[%emt 0:00:01] Zeit (Lag: Av=0.36s, max=0.7s)} 0-1

[Event "Stay Safe Play From Home 197"]
[Site "T#646544Emanuel Laske"]
[Date "2020.06.03"]
[Round "4"]
[White "Haxhi Baha"]
[Black "Edmatuag"]
[Result "1-0"]
[WhiteElo "1981"]
[BlackElo "1657"]
[Annotator "TA"]
[PlyCount "57"]
[EventDate "2020.06.03"]
[EventType "swiss (blitz)"]

{[%evp 14,57,30,29,54,22,38,27,35,28,600,374,443,434,361,261,271,280,262,260,274,165,173,168,193,171,180,185,154,121,106,0,0,0,0,0,45,33,85,86,315,208,447,429,1329,239]} 1. e4 c5 2. Nf3 d6 3. d4 cxd4 4. Nxd4 Nf6 5. Nc3 a6 6. f4 e6 7. Qf3 Qc7 8. g4 b5 {B82: Sicilian Scheveningen: 6 f4.} 9. Bd3 Bb7 10. g5 Nfd7 {White has an edge.} 11. Be3 {[#]} f5 $146 {[%mdl 8192] [#]} (11... Nc6 $11) ({Predecessor:} 11... Nc5 12. Bd2 Nbd7 13. b4 Nxd3+ 14. cxd3 g6 15. Rc1 Qd8 16. h4 Bg7 17. Nde2 h5 18. gxh6 Rxh6 {½-½ (37) Fedorchuk,S (2657)-Van Wely,L (2653) Rabat 2015}) 12. gxf6 Nxf6 13. Nxe6 Qe7 14. Nxf8 Rxf8 15. O-O-O Nbd7 16. Rhe1 O-O-O 17. h3 Nc5 18. a3 Nfd7 19. Qh5 g6 20. Qg4 Kb8 21. Bxc5 Nxc5 22. Nd5 (22. Kb1 $16) 22... Bxd5 $11 23. exd5 Nxd3+ 24. cxd3 Qc7+ 25. Kb1 Rc8 (25... Qc5 $14) 26. Rc1 $36 {[%mdl 2048] White has strong initiative.} Qa5 $2 (26... Qf7 $16) 27. Qe6 Rxc1+ $2 (27... Qb6 {was called for.} 28. Qe4 Rfd8) 28. Rxc1 $18 Qb6 {[#]} (28... Qd8 $142 29. Rc6 {[%mdl 64] Double Attack} Rf6) 29. Qe7 $2 {Accuracy: White = 39%, Black = 36%.} (29. Rc6 $1 Qd8 30. Rxd6) 1-0

[Event "Stay Safe Play From Home 197"]
[Site "T#646544Emanuel Laske"]
[Date "2020.06.03"]
[Round "4"]
[White "EL sanbary"]
[Black "Trotsky"]
[Result "1-0"]
[WhiteElo "1898"]
[BlackElo "1579"]
[Annotator "NA RC"]
[PlyCount "65"]
[EventDate "2020.06.03"]
[EventType "swiss (blitz)"]

1. c3 {[%emt 0:00:01]} d5 {[%emt 0:00:01]} 2. d4 {[%emt 0:00:04]} e6 {[%emt 0:00:01]} 3. g3 {[%emt 0:00:01]} c5 {[%emt 0:00:01]} 4. Bg2 {[%emt 0:00:01]} Nc6 {[%emt 0:00:01]} 5. e4 {[%emt 0:00:01]} c4 {[%emt 0:00:01]} 6. exd5 {[%emt 0:00:01]} exd5 {[%emt 0:00:01]} 7. Ne2 {[%emt 0:00:01]} Be6 {[%emt 0:00:01]} 8. O-O {[%emt 0:00:01]} Qc7 {[%emt 0:00:01]} 9. Be3 {[%emt 0:00:01]} O-O-O {[%emt 0:00:01]} 10. Nf4 {[%emt 0:00:01]} Bd6 {[%emt 0:00:01]} 11. Nd2 {[%emt 0:00:01]} Nf6 {[%emt 0:00:02]} 12. Nxe6 {[%emt 0:00:02]} fxe6 {[%emt 0:00:01]} 13. Nf3 {[%emt 0:00:01]} h5 {[%emt 0:00:01]} 14. h4 {[%emt 0:00:02]} Ng4 {[%emt 0:00:01]} 15. Qd2 {[%emt 0:00:01]} Bxg3 {[%emt 0:00:01]} 16. fxg3 {[%emt 0:00:01]} Qxg3 {[%emt 0:00:03]} 17. Bf4 {[%emt 0:00:01]} g5 {[%emt 0:00:16]} 18. Bxg3 {[%emt 0:00:02]} gxh4 {[%emt 0:00:01]} 19. Bxh4 {[%emt 0:00:01]} Rhg8 {[%emt 0:00:02]} 20. Bxd8 {[%emt 0:00:03]} Nxd8 {[%emt 0:00:01]} 21. Kh1 {[%emt 0:00:01]} h4 {[%emt 0:00:01]} 22. Nxh4 {[%emt 0:00:03]} Rh8 {[%emt 0:00:02]} 23. Qg5 {[%emt 0:00:01]} Kc7 {[%emt 0:00:04]} 24. Qxg4 {[%emt 0:00:02]} Kb6 {[%emt 0:00:04]} 25. Bh3 {[%emt 0:00:02]} Nc6 {[%emt 0:00:02]} 26. Qxe6 {[%emt 0:00:02]} Ka6 {[%emt 0:00:03]} 27. Rf4 {[%emt 0:00:02]} Kb5 {[%emt 0:00:02]} 28. Qxd5+ {[%emt 0:00:01]} Kb6 {[%emt 0:00:01]} 29. Rg1 {[%emt 0:00:02]} Rc8 {[%emt 0:00:02]} 30. Rg6 {[%emt 0:00:01]} Rc7 {[%emt 0:00:01]} 31. Rxc6+ {[%emt 0:00:01]} Rxc6 {[%emt 0:00:01]} 32. Rf5 {[%emt 0:00:01]} Ka6 {[%emt 0:00:02]} 33. Qa5# {[%emt 0:00:01] (Lag: Av=0.33s, max=1.0s) .} 1-0

[Event "Stay Safe Play From Home 197"]
[Site "T#646544Emanuel Laske"]
[Date "2020.06.03"]
[Round "4"]
[White "GIULIO19031975"]
[Black "buzaglo"]
[Result "0-1"]
[WhiteElo "1771"]
[BlackElo "1937"]
[Annotator "NA RC"]
[PlyCount "38"]
[EventDate "2020.06.03"]
[EventType "swiss (blitz)"]

1. e4 {[%emt 0:00:12]} e6 {[%emt 0:00:00]} 2. Nf3 {[%emt 0:00:02]} d5 {[%emt 0:00:00]} 3. exd5 {[%emt 0:00:01]} exd5 {[%emt 0:00:00]} 4. d4 {[%emt 0:00:01]} Nf6 {[%emt 0:00:00]} 5. Bd3 {[%emt 0:00:10]} Bb4+ {[%emt 0:00:01]} 6. c3 {[%emt 0:00:01]} Be7 {[%emt 0:00:00]} 7. O-O {[%emt 0:00:01]} O-O {[%emt 0:00:00]} 8. Re1 {[%emt 0:00:01]} Bg4 {[%emt 0:00:00]} 9. Be3 {[%emt 0:00:02]} Ne4 {[%emt 0:00:02]} 10. Qb3 {[%emt 0:00:03]} Bxf3 {[%emt 0:00:03]} 11. gxf3 {[%emt 0:00:01]} Nd6 {[%emt 0:00:00]} 12. Nd2 {[%emt 0:00:01]} c6 {[%emt 0:00:02]} 13. Rac1 {[%emt 0:00:02]} Nd7 {[%emt 0:00:01]} 14. Bf4 {[%emt 0:00:01]} Nf6 {[%emt 0:00:02]} 15. Bxd6 {[%emt 0:00:01]} Bxd6 {[%emt 0:00:00]} 16. c4 {[%emt 0:00:01]} dxc4 {[%emt 0:00:02]} 17. Nxc4 {[%emt 0:00:01]} Nd5 {[%emt 0:00:02]} 18. Nxd6 {[%emt 0:00:02]} Qxd6 {[%emt 0:00:01]} 19. Bc4 {[%emt 0:00:01]} Nf4 {[%emt 0:00:02] Tempo (Lag: Av=0.41s, max=0.5s)} 0-1

[Event "Stay Safe Play From Home 197"]
[Site "T#646544Emanuel Laske"]
[Date "2020.06.03"]
[Round "4"]
[White "Matanant"]
[Black "Germanicus G"]
[Result "1-0"]
[WhiteElo "1625"]
[BlackElo "1260"]
[Annotator "NA RC"]
[PlyCount "37"]
[EventDate "2020.06.03"]
[EventType "swiss (blitz)"]

1. e4 {[%emt 0:00:03]} e6 {[%emt 0:00:02]} 2. Nf3 {[%emt 0:00:01]} d5 {[%emt 0:00:01]} 3. e5 {[%emt 0:00:01]} c5 {[%emt 0:00:02]} 4. c3 {[%emt 0:00:02]} Nc6 {[%emt 0:00:01]} 5. d4 {[%emt 0:00:01]} cxd4 {[%emt 0:00:01]} 6. cxd4 {[%emt 0:00:00]} Qb6 {[%emt 0:00:02]} 7. Nc3 {[%emt 0:00:03]} Bd7 {[%emt 0:00:04]} 8. Na4 {[%emt 0:00:02]} Qd8 {[%emt 0:00:11]} 9. Bd2 {[%emt 0:00:02]} a6 {[%emt 0:00:07]} 10. Rc1 {[%emt 0:00:02]} b5 {[%emt 0:00:03]} 11. Nc5 {[%emt 0:00:01]} Bxc5 {[%emt 0:00:04]} 12. Rxc5 {[%emt 0:00:02]} Nge7 {[%emt 0:00:02]} 13. Bd3 {[%emt 0:00:04]} Qb6 {[%emt 0:00:02]} 14. O-O {[%emt 0:00:02]} Nxd4 {[%emt 0:00:02]} 15. Rc1 {[%emt 0:00:07]} Nxf3+ {[%emt 0:00:03]} 16. Qxf3 {[%emt 0:00:01]} O-O {[%emt 0:00:01]} 17. Be3 {[%emt 0:00:03]} Qb7 {[%emt 0:00:08]} 18. Qg3 {[%emt 0:00:02]} Ng6 {[%emt 0:00:02]} 19. h4 {[%emt 0:00:03] Zeit (Lag: Av=0.47s, max=0.7s)} 1-0

[Event "Stay Safe Play From Home 197"]
[Site "T#646544Emanuel Laske"]
[Date "2020.06.03"]
[Round "5"]
[White "Mepe_Nika"]
[Black "Broken sword"]
[Result "0-1"]
[WhiteElo "2341"]
[BlackElo "2453"]
[Annotator "TA"]
[PlyCount "102"]
[EventDate "2020.06.03"]
[EventType "swiss (blitz)"]

{[%evp 13,102,34,36,10,5,9,50,47,52,27,73,72,70,76,82,47,45,21,53,43,41,5,44,11,13,-8,13,0,23,27,16,0,46,-129,-125,-118,-115,-133,-118,-148,-147,-177,-116,-204,-198,-260,-239,-236,-220,-270,-201,-545,-313,-246,-78,-259,-262,-297,-248,-241,-238,-815,-780,-1327,-739,-1325,-1330,-1220,-834,-29980,-29979,-29977,-29977,-29963,-6119,-29984,-29985,-29984,-6618,-29987,-29978,-6758,-6539,-6090,-6115,-29990,-29991,-29991,-29992,-29994,-29995]} 1. d4 d5 2. Bf4 c6 3. e3 Nf6 4. c4 Bf5 5. Nc3 e6 6. Qb3 b6 {6...Qc8 gains popularity.} 7. Nf3 Bd6 8. Bg3 {D02: 1 d4 d5 2 Nf3 sidelines, including 2...Nf6 3 g3 and 2...Nf6 3 Bf4.} O-O 9. Nh4 Bg4 10. Bxd6 {White is slightly better.} Qxd6 {[#]} 11. h3 $146 ({Predecessor:} 11. Bd3 e5 12. h3 Be6 13. dxe5 Qxe5 14. Nf3 Qd6 15. O-O Nbd7 16. Rad1 Nc5 17. Qb4 {1-0 (81) Jimenez Garcia,M (1268)-Agapito Garrido,B (1088) Maresme 2017}) 11... Bh5 {[#]} 12. g4 $1 {[%cal Rg4h5]} Bg6 13. Nxg6 hxg6 14. Bg2 Nbd7 {[%cal Bb8d7,Bd7b6,Bb6c4][%mdl 32]} 15. O-O Rfc8 16. cxd5 cxd5 17. Rac1 a6 18. Ne2 (18. g5 $5 {[%cal Rg5f6]} Ne8 19. e4 $14) 18... b5 19. Nf4 Nb6 20. Qd1 Nc4 21. b3 Nb6 22. Nd3 Nfd7 23. Nc5 $2 (23. Qd2 $14 {stays ahead.}) 23... Nxc5 $17 24. dxc5 Rxc5 25. Qd4 Rac8 26. Rxc5 Qxc5 27. Qf4 Qc7 ({Black should play} 27... Nd7 $19 28. Ra1 Nf6) 28. Qf3 (28. Qb4 $17 {was worth a try.}) 28... Nd7 $19 29. h4 (29. Qd1 $142) 29... Ne5 30. Qf4 Nd3 31. Qg5 Qe5 32. Rd1 $2 (32. Qxe5 Nxe5 33. e4) 32... Qxg5 33. hxg5 {[%mdl 4096] Endgame [#] KRB-KRN} Ne5 $2 (33... Rc1 $1 $19 {[%cal Rc1d1]} 34. Bf3 b4) 34. f3 $2 {This move loses the game for White.} (34. e4 $17 {was the only chance.}) 34... Rc2 35. a4 bxa4 36. bxa4 Nc4 37. e4 $2 (37. Re1) 37... Ne3 {[%mdl 64] Double Attack} 38. Rb1 Rxg2+ {KRN-KR} 39. Kh1 d4 40. f4 Rf2 {...d3 is the strong threat.} 41. f5 gxf5 42. gxf5 exf5 43. exf5 Rxf5 (43... d3 $142 44. Rb8+ Kh7 45. Kg1 Rf1+ 46. Kh2 d2 47. g6+ fxg6 48. fxg6+ Kxg6 49. Rd8 d1=Q 50. Rxd1 Nxd1 51. Kh3 Kg5 52. Kg2 Rf2+ 53. Kh1 Kf4 54. a5 Kg3 55. Kg1 Ne3 56. Kh1 Rf1#) 44. g6 fxg6 45. Rb6 Ra5 (45... d3 $142 46. Rb2 Rc5 47. Rb1 Kh7 48. Kg1 d2 49. Kf2 Rc1 50. Kxe3 d1=Q 51. Rxc1 Qxc1+ 52. Kd4 g5 53. Kd5 g4 54. Ke4 Qd2 55. Kf5 g3 56. Ke5 g2 57. Ke6 g1=Q 58. Kf7 Qd7+ 59. Kf8 Qf2#) 46. Rxg6 Rxa4 47. Rd6 a5 48. Kh2 Rb4 49. Kg3 Nf5+ {[%mdl 64] Double Attack. Black mates.} 50. Kf4 Nxd6 51. Ke5 d3 {Accuracy: White = 31%, Black = 54%.} 0-1

[Event "Stay Safe Play From Home 197"]
[Site "T#646544Emanuel Laske"]
[Date "2020.06.03"]
[Round "5"]
[White "SoulofWolf"]
[Black "Toosieslide"]
[Result "1/2-1/2"]
[WhiteElo "2213"]
[BlackElo "2213"]
[Annotator "TA"]
[PlyCount "54"]
[EventDate "2020.06.03"]
[EventType "swiss (blitz)"]

{[%evp 9,54,22,16,0,3,0,8,10,0,-10,28,14,30,28,42,-64,0,-30,0,0,4,-138,-140,-134,-64,-68,-60,-68,-47,-66,-66,-70,-59,-83,-72,-72,106,105,308,89,199,0,253,50,107,0,281]} 1. Nf3 d5 2. e3 c6 3. c4 Nf6 4. b3 e6 5. Bb2 Nbd7 6. a3 {A06: Réti Opening: 1 Nf3 d5.} Bd6 7. d4 Qe7 8. Nbd2 O-O {[#]} 9. Bd3 $146 ({Predecessor:} 9. Ne5 Ne4 10. Bd3 Nxd2 11. Qxd2 Bxe5 12. dxe5 Nc5 13. cxd5 Nxd3+ {½-½ (13) Laketic,G (2438)-Lazic,M (2465) Herceg Novi 2001}) 9... b6 10. O-O Bb7 11. Re1 c5 12. Rc1 (12. e4 $14 dxe4 13. Bxe4 Nxe4 14. Nxe4) 12... Rac8 (12... cxd4 $15 13. Nxd4 Bxa3 14. Bxa3 Qxa3) 13. Qe2 (13. cxd5 {is interesting.} exd5 14. dxc5 Rxc5 15. Bc2 a5 16. Nd4) 13... cxd4 (13... Ne4 {looks sharper.} 14. cxd5 exd5 15. h3 f5 16. Ba6 Bxa6 17. Qxa6 Rc7) 14. exd4 Bxa3 15. Rc2 (15. Bxa3 $11 {was the only way to keep the balance.} Qxa3 16. Ra1) 15... Bxb2 $17 16. Rxb2 dxc4 (16... Rfd8 $17 17. Qe3 a5) 17. bxc4 $15 Rfd8 18. Ra2 a6 {[%cal Ba7a6,Ba6a5][%mdl 32]} 19. Rb1 Qd6 20. Rab2 a5 21. Rb5 Ba6 22. R5b2 Nb8 $2 (22... Qf4 $17) 23. Rxb6 $16 Qa3 $2 (23... Qf4 $16 {was worth a try.}) 24. R6b3 $2 (24. Ne5 $18 {and White stays clearly on top.}) 24... Qd6 {[#]} (24... Qf8 $16) 25. Rb6 (25. Ne4 $142 $1 {[%cal Re4d6]} Qf4 26. g3) 25... Qa3 $1 $18 26. R1b3 $2 ({White should play} 26. Ne5 $18) 26... Qa1+ ({Better is} 26... Qc1+ $14 27. Ne1 Nfd7) 27. Rb1 $2 (27. Nb1 $16 {Ra3 is the strong threat.} Qa4 28. Nbd2) 27... Qa3 $1 {[%mdl 32768] Accuracy: White = 58%, Black = 53%. . An unexpected result.} 1/2-1/2